| 000 | 00841nas a2200265 4500 | ||
|---|---|---|---|
| 001 | BR2016004721 | ||
| 003 | BR-BrBNA | ||
| 005 | 20231205130716.0 | ||
| 007 | ta | ||
| 008 | 230509b bl.|||p| |||| 00| 00por d | ||
| 040 |
_aBR-BrBNA _bpor _cBiblioteca Nacional de Agricultura |
||
| 041 | _a(En) | ||
| 072 | _aM12; L20 | ||
| 100 | 1 | _aMattos, D. da C. | |
| 100 | 1 | _aScrenci-Ribeiro, R. | |
| 100 | 1 | _aCardoso, L.D. | |
| 100 | 1 | _aVidal Junior, M.V. | |
| 245 | 1 | _aDescription of the reproductive behavior of Symphysodon aequifasciatus (Cichlidae)in captivity | |
| 650 | _aPEIXE ORNAMENTAL | ||
| 650 | _aREPRODUÇÃO ANIMAL | ||
| 650 | _aCOMPORTAMENTO ANIMAL | ||
| 773 | 0 |
_tActa Amazônica (Brazil) _xISSN 0044-5967 _g(Dec 2016), v. 46(4) p. 433-438 _wBR2016004721 |
|
| 909 |
_a202311 _bLúcia _c55 _dLúcia Elande |
||
| 942 |
_2AGRIS _n0 _cANA |
||
| 999 |
_c250800 _d250800 |
||